Detalles MARC
| 000 -CABECERA |
| Longitud fija campo de control |
01728nam a2200457 c 4500 |
| 001 - NÚMERO DE CONTROL |
| Número de control |
6341 |
| 003 - IDENTIFICADOR DE NÚMERO DE CONTROL |
| Identificador del número de control |
ES-MaCES |
| 005 - FECHA Y HORA DE LA ÚLTIMA TRANSACCIÓN |
| Fecha y hora de la última transacción |
20150929135405.0 |
| 008 - CAMPO FIJO DE DESCRIPCIÓN FIJA--INFORMACIÓN GENERAL |
| Códigos de información de longitud fija |
980204m19971997sp ||| | spa d |
| 017 ## - NÚMERO DE REGISTRO DE DERECHOS DE AUTOR Y DEPÓSITO LEGAL |
| Número de copyright o de depósito legal |
M-18766-1997 |
| Agencia que asigna el número |
DL |
| 020 ## - ISBN (INTERNATIONAL STANDARD BOOK NUMBER) |
| Número Internacional Normalizado para Libros (ISBN) |
8488816359 |
| 035 ## - NÚMERO DE CONTROL DEL SISTEMA |
| Número de control del sistema |
CES19980063997m |
| 040 ## - FUENTE DE CATALOGACIÓN |
| Centro catalogador de origen |
ES-MaCES |
| Lengua de catalogación |
spa |
| Centro transcriptor |
ES-MaCES |
| 041 0# - CÓDIGO DE IDIOMA |
| Código de lengua del texto;banda sonora o título independiente |
spa |
| -- |
eng |
| -- |
fre |
| 245 00 - MENCIÓN DE TÍTULO |
| Título |
Derecho europeo del audiovisual |
| Resto del título |
: Actas del Congreso organizado por la Asociación Europea de Derecho del Audiovisual : (Sevilla, octubre 1996) |
| Mención de responsabilidad, etc. |
Santiago Muñoz Machado (ed.) [y dir.] ; [Rafael de Lorenzo, dir.] ; secretaría, María López-Contreras González ; patrocinio de Fundesco... [et al.] |
| 260 ## - PUBLICACIÓN, DISTRIBUCIÓN, ETC (PIE DE IMPRENTA) |
| Lugar de publicación, distribución, etc. |
Madrid |
| Nombre del editor, distribuidor, etc. |
Escuela Libre |
| Fecha de publicación, distribución, etc. |
1997 |
| 300 ## - DESCRIPCIÓN FÍSICA |
| Extensión |
2 t. (XXIX, XXIII, 1548 p.) |
| Dimensiones |
25 cm |
| 490 1# - MENCIÓN DE SERIE |
| Mención de serie |
Nova Europa |
| Designación de volumen o secuencia |
2 |
| 500 ## - NOTA GENERAL |
| Nota general |
Textos en castellano, inglés y francés |
| 541 ## - NOTA DE LA FUENTE INMEDIANTE DE ADQUISICIÓN |
| Forma de adquisición |
Compra |
| 650 #4 - ASIENTO SECUNDARIO DE MATERIA--TÉRMINO DE MATERIA |
| Término de materia o nombre geográfico como elemento inicial |
televisión |
| 9 (RLIN) |
27887 |
| 650 #4 - ASIENTO SECUNDARIO DE MATERIA--TÉRMINO DE MATERIA |
| Término de materia o nombre geográfico como elemento inicial |
radiodifusión |
| 9 (RLIN) |
29404 |
| 650 #4 - ASIENTO SECUNDARIO DE MATERIA--TÉRMINO DE MATERIA |
| Término de materia o nombre geográfico como elemento inicial |
medios de comunicación de masas |
| 9 (RLIN) |
27878 |
| 650 #4 - ASIENTO SECUNDARIO DE MATERIA--TÉRMINO DE MATERIA |
| Término de materia o nombre geográfico como elemento inicial |
telecomunicaciones |
| 9 (RLIN) |
27884 |
| 650 #4 - ASIENTO SECUNDARIO DE MATERIA--TÉRMINO DE MATERIA |
| Término de materia o nombre geográfico como elemento inicial |
régimen jurídico |
| 9 (RLIN) |
29894 |
| 650 #4 - ASIENTO SECUNDARIO DE MATERIA--TÉRMINO DE MATERIA |
| Término de materia o nombre geográfico como elemento inicial |
derecho comunitario |
| 9 (RLIN) |
29866 |
| 650 #4 - ASIENTO SECUNDARIO DE MATERIA--TÉRMINO DE MATERIA |
| Término de materia o nombre geográfico como elemento inicial |
estudio de casos |
| 9 (RLIN) |
28846 |
| 650 #4 - ASIENTO SECUNDARIO DE MATERIA--TÉRMINO DE MATERIA |
| Término de materia o nombre geográfico como elemento inicial |
conferencia |
| 9 (RLIN) |
27013 |
| 653 10 - TÉRMINO DE INDEXACIÓN--NO CONTROLADO |
| Término no controlado |
Transporte-Comunicaciones |
| 650 #4 - ASIENTO SECUNDARIO DE MATERIA--TÉRMINO DE MATERIA |
| 9 (RLIN) |
29020 |
| Término de materia o nombre geográfico como elemento inicial |
país de la UE |
| 650 #4 - ASIENTO SECUNDARIO DE MATERIA--TÉRMINO DE MATERIA |
| 9 (RLIN) |
26752 |
| Término de materia o nombre geográfico como elemento inicial |
UE |
| 700 1# - ENCABEZAMIENTO SECUNDARIO--NOMBRE PERSONAL |
| Nombre de persona |
Lorenzo García, Rafael de |
| Término indicativo de función |
dir. |
| 9 (RLIN) |
17042 |
| 700 1# - ENCABEZAMIENTO SECUNDARIO--NOMBRE PERSONAL |
| Nombre de persona |
López-Contreras González, María |
| Término indicativo de función |
col. |
| 9 (RLIN) |
16863 |
| 710 2# - ENCABEZAMIENTO SECUNDARIO--NOMBRE CORPORATIVO |
| Nombre de entidad o nombre de jurisdicción como elemento inicial |
Asociación Europea del Derecho del Audiovisual |
| Término indicativo de función |
col. |
| 9 (RLIN) |
1474 |
| 710 2# - ENCABEZAMIENTO SECUNDARIO--NOMBRE CORPORATIVO |
| Nombre de entidad o nombre de jurisdicción como elemento inicial |
Fundesco |
| Término indicativo de función |
col. |
| 9 (RLIN) |
3928 |
| 700 1# - ENCABEZAMIENTO SECUNDARIO--NOMBRE PERSONAL |
| 9 (RLIN) |
19381 |
| Nombre de persona |
Muñoz Machado, Santiago |
| Término indicativo de función |
dir. |
| 830 #0 - ENCABEZAMIENTO SECUNDARIO DE COLECCIÓN--TÍTULO UNIFORME |
| Título uniforme |
Nova Europa |
| Designación de volumen o secuencia |
2 |
| 9 (RLIN) |
32950 |
| 902 ## - CES. TIPO DE DOCUMENTO |
| Tipodoc (006$c Sirtex) |
LIB Libro |
| 942 ## - ELEMENTOS KOHA |
| Fuente de clasificaión o esquema |
Clasificación propia del CES |
| Koha [por defecto] tipo de item |
Monografías |
| Parte de clasificación |
5.2. |